The future of insurance regulation and supervision in the EU : new developments, new challenges : final report of a CEPS Task Force /

Saved in:
Bibliographic Details
Corporate Author: Centre for European Policy Studies (Brussels, Belgium)
Other Authors: Ende, Johan van der, Ayadi, Rym, O'Brien, Christopher
Format: Book
Language:English
Published: Brussels : Centre for European Policy Studies, 2006.
Series:CEPS Task Force report.
Subjects:
LEADER 02873cam a2200397 a 4500
001 c000402239
003 CARM
005 20190306115907.0
008 190306s2006 be a b 000 0 eng d
019 1 |a 69841901  |5 LACONCORD2021 
020 |a 9290796308 
020 |a 9789290796305 
035 |a (OCoLC)84911728  |5 LACONCORD2021 
040 |a DBI  |c DBI  |d GUL  |d YDXCP  |d BAKER 
245 0 4 |a The future of insurance regulation and supervision in the EU :  |b new developments, new challenges : final report of a CEPS Task Force /  |c Johan Van Der Ende, chairman ; Rym Ayadi [and] Christopher O'Brien, rapporteurs. 
260 |a Brussels :  |b Centre for European Policy Studies,  |c 2006. 
300 |a x, 150 p. :  |b ill. ;  |c 24 cm. 
490 1 |a Report of a CEPS Task Force. 
500 |a "November 2006." 
500 |a "Against this background, CEPS formed a Task Force in July 2003, under the chairmanship of Johan Van Der Ende, Director of Structured Investments for PGGM, to explore the challenges facing insurance regulation and supervision in the EU. The Task Force brought together representatives from the industry and its regulators, industry associations, consultancies, national governments, distinguished scholars, the European Parliament and the European Commission. This report provides an overview of the developments and challenges facing insurance companies and their regulators in Europe and presents the finding and recommendations of the CEPS Task Force. It explains the weaknesses of the obsolete regulatory and supervisory framework and examines the state of play of the Solvency II project that will replace it. The report also discusses the role of international insurance regulators and the links with the accounting rules and presents case studies of the Swiss and British experiences in adopting a market-consistent valuation of assets and liabilities to learn if there are lessons to be applied at the EU level" -- back cover. 
504 |a Includes bibliographical references (p. 111-118) 
650 0 |a Insurance companies  |z European Union countries  |x State supervision. 
650 0 |a Risk (Insurance)  |z European Union countries. 
650 0 |a Insurance  |z European Union countries. 
650 0 |a Insurance law  |z European Union countries. 
700 1 |a Ende, Johan van der. 
700 1 |a Ayadi, Rym. 
700 1 |a O'Brien, Christopher. 
710 2 |a Centre for European Policy Studies (Brussels, Belgium) 
852 8 |b CARM  |i C13722  |p 0652266  |f BK 
852 8 |b SCAN  |h A3:AH13G0  |i C13722  |p 0652266  |f BK 
852 8 |b SCAN  |h A3:AH13G0  |i C13722  |p 0652266  |f BK 
830 0 |a CEPS Task Force report. 
999 f f |i e42004f0-c300-58b2-9d9a-cf92af1131c9  |s 1410be7c-5566-53e1-9dd5-c0975c7db1e0 
952 f f |p Can circulate  |a CAVAL  |b CAVAL  |c CAVAL  |d CARM 1 Store  |e C13722  |h Other scheme  |i book  |m 0652266 
952 f f |a CAVAL  |b CAVAL  |c CAVAL  |d Unmapped Location  |e C13722  |f A3:AH13G0  |h Other scheme